000 00431nam a22001697a 4500
008 150622b xxu||||| |||| 00| 0 alb d
020 _a9992701706
041 0 _aalb
080 _a658
100 _aKume, Vasilika;
245 _aMarrja e vendimeve manaxheriale /
_cVasilika Kume.
250 _a3rd Edition
260 _aTiranë:
_bSHBLU;
_c2002.
300 _a470 f.:
_bme il.;
_c23 cm.
650 0 _aMenaxhimi
942 _2udc
_cBK
999 _c1066
_d1066